000 00491nam a2200193Ia 4500
005 20250603145948.0
008 250603s9999 xx 000 0 und d
020 _a978-81-203-2968-3
050 _aQA 76 .M57/
100 _aMishra, K.L.P
245 0 _aTheory of computer science : automata, language and computation
250 _a3rd ed.
260 _aNew Delhi
260 _bPHI Learnig Private Limited
260 _c2010
300 _a422 p
650 _aNew Delhi
942 _cBK
999 _c43366
_d43366